Flagi Azji na mapie - Statystyki

Ogólne statystyki
  • Ten quiz został rozwiązany 259 razy
  • Średni wynik to 26 z 48
Odpowiedzi na mapie
Odpowiedzi zakodowano w zielono-czerwonej skali na mapie do tego quizu, zgodnie z poniższymi procentami.
 
Statystyki odpowiedzi
Odpowiedź % Poprawnych
82%
78%
77%
74%
72%
71%
69%
67%
67%
66%
66%
66%
65%
64%
62%
61%
61%
60%
58%
56%
56%
53%
53%
53%
52%
52%
52%
51%
50%
49%
48%
48%
48%
48%
45%
45%
44%
44%
42%
42%
41%
40%
39%
38%
38%
37%
36%
27%
Nie znaleziono quizów pasujących do podanych kryteriów
Rozkład punktacji
Procent ludzi z każdym wynikiem
Percentyl według liczby udzielonych odpowiedzi
Twoja historia wyników
Nie rozwiązałeś tego quizu